000 00640nam a22001937a 4500
003 OSt
005 20180116183041.0
008 160223b xxu||||| |||| 00| 0 eng d
020 _a16-293-2013-1
024 _216-293-2013-1
040 _cLahore University of Management Sciences
082 _a174.4 LUM 2013
100 _aRANA MA
245 _aPRIMARY AND SECONDARY EDUCATION IN PAKISTAN: KEY ISSUES AND CHALLENGES
_cRANA MA
260 _aLahore
_bLahore University of Management Sciences
_c2013
300 _a26 p.
_bPapers
440 _aPRIMARY AND SECONDARY EDUCATION IN PAKISTAN: KEY ISSUES AND CHALLENGES
942 _2ddc
_cCS
999 _c351261
_d351261